[Event "BL 0607 SC Kreuzberg - SK König-Tegel"]
[Site "?"]
[Date "2007.02.03"]
[Round "7.8"]
[White "Figura, Atila Gajo"]
[Black "Pachow, Joerg"]
[Result "1-0"]
[WhiteElo "2400"]
[BlackElo "2290"]
[PlyCount "79"]
[EventDate "2007.??.??"]

1. d4 d6 2. Nf3 g6 3. c4 Bg7 4. Nc3 c6 5. e4 a6 6. Be2 b5 7. cxb5 axb5 8. b4
Nf6 9. O-O O-O 10. Qc2 e5 11. dxe5 dxe5 12. a4 Na6 13. Ba3 Bg4 14. Nxe5 Bxe2
15. Nxe2 Re8 16. Nxc6 Qb6 17. axb5 Nc7 18. Nc3 Nxb5 19. Nxb5 Qxb5 20. Bb2 Rxa1
21. Rxa1 Nxe4 22. Bxg7 Kxg7 23. Re1 Ng3 24. Qc3+ f6 25. hxg3 Rxe1+ 26. Qxe1
Qxc6 27. Qf1 f5 28. b5 Qc5 29. Qb1 Qb6 30. Qb4 Kf7 31. Qc4+ Ke7 32. Qd3 Qd6 33.
Qb3 Kd7 34. Kh2 Kc7 35. Qf7+ Kb6 36. Qxh7 Kxb5 37. Qg7 Kc4 38. f3 Kd3 39. f4
Ke3 40. Qe5+ 1-0

[Event "BL 0607 SF Berlin - Bindl-Aktionär"]
[Site "?"]
[Date "2007.02.03"]
[Round "7.1"]
[White "Naiditsch, Arkadij"]
[Black "Nataf, Igor-Alexandre"]
[Result "1-0"]
[WhiteElo "2676"]
[BlackElo "2599"]
[PlyCount "68"]
[EventDate "2007.??.??"]

1. e4 c5 2. Nf3 Nc6 3. Bb5 e6 4. Bxc6 bxc6 5. b3 d5 6. Nc3 Ba6 7. d3 Nf6 8. Bb2
Qa5 9. Qd2 c4 10. dxc4 dxc4 11. e5 Nd7 12. Ne4 Qxd2+ 13. Nfxd2 Rb8 14. O-O-O c5
15. Rhe1 Nb6 16. f4 cxb3 17. Nxb3 Na4 18. Ba3 Bb7 19. Nd6+ Bxd6 20. exd6 Kd7
21. Bxc5 Bxg2 22. Ba3 Rhc8 23. Rd4 Bc6 24. f5 Bb5 25. Rf4 exf5 26. Re7+ Kd8 27.
Rxf7 Bd7 28. Rxg7 Nc3 29. Rg8+ Be8 30. Rxf5 Nxa2+ 31. Kb2 Nc3 32. Re5 Na4+ 33.
Kc1 Kd7 34. Nd4 Rd8 1-0

[Event "BL 0607 SF Berlin - Bindl-Aktionär"]
[Site "?"]
[Date "2007.02.03"]
[Round "7.3"]
[White "Baklan, Vladimir"]
[Black "Miezis, Normunds"]
[Result "1-0"]
[WhiteElo "2622"]
[BlackElo "2529"]
[PlyCount "91"]
[EventDate "2007.??.??"]

1. e4 c5 2. Nf3 e6 3. Nc3 a6 4. g3 Nc6 5. Bg2 e5 6. Nd5 d6 7. c3 Nf6 8. d3 h6
9. Nxf6+ Qxf6 10. Nd2 h5 11. O-O Qd8 12. Nc4 h4 13. Ne3 hxg3 14. fxg3 Be6 15.
Nd5 Be7 16. Be3 Rb8 17. Rf2 b5 18. a3 a5 19. Qe2 Rb7 20. Raf1 b4 21. axb4 axb4
22. Qd1 bxc3 23. bxc3 O-O 24. h4 Qa5 25. h5 Bd8 26. Kh2 Qa3 27. Bh3 Rb2 28. Qf3
Rxf2+ 29. Rxf2 Bxh3 30. Kxh3 Qa7 31. Qg4 Kh8 32. Kg2 Qb7 33. Bg5 Bxg5 34. Qxg5
f6 35. Qg4 Ne7 36. Qe6 Nxd5 37. exd5 Qc7 38. c4 Kh7 39. g4 Qc8 40. g5 fxg5 41.
Qg6+ Kg8 42. Rxf8+ Kxf8 43. Qxd6+ Kg8 44. Qe6+ Qxe6 45. dxe6 Kf8 46. Kg3 1-0

[Event "BL 0607 SF Berlin - Bindl-Aktionär"]
[Site "?"]
[Date "2007.02.03"]
[Round "7.4"]
[White "Polzin, Rainer"]
[Black "Baramidze, David"]
[Result "0-1"]
[WhiteElo "2480"]
[BlackElo "2585"]
[PlyCount "124"]
[EventDate "2007.??.??"]

1. e4 e5 2. Nf3 Nc6 3. Bb5 a6 4. Ba4 Nf6 5. O-O Be7 6. Bxc6 dxc6 7. Qe1 Nd7 8.
b3 O-O 9. Bb2 Re8 10. Nxe5 Bf6 11. f4 Nxe5 12. fxe5 Bxe5 13. Bxe5 Rxe5 14. Qf2
Be6 15. d3 f5 16. Nd2 fxe4 17. Nxe4 Rf5 18. Qe3 Qe7 19. Ng3 Rxf1+ 20. Rxf1 Re8
21. Rf4 Bd5 22. Qxe7 Rxe7 23. c4 Bf7 24. Rd4 Bg6 25. Rd8+ Kf7 26. Kf2 c5 27.
Ne2 Re8 28. Rd5 c6 29. Rd7+ Re7 30. Rd8 Re8 31. Rxe8 Kxe8 32. Ke3 Kd7 33. Nf4
Be8 34. d4 b6 35. dxc5 bxc5 36. h4 Kd6 37. Ke4 a5 38. h5 Bd7 39. Ne2 Bg4 40.
Ng3 Bd1 41. Kf4 Bc2 42. Nf5+ Ke6 43. Nxg7+ Kf6 44. Ne8+ Ke7 45. Nc7 Bb1 46. a3
Kd6 47. Na8 Bc2 48. Ke3 Bxb3 49. Kd3 h6 50. g4 Ke5 51. Nb6 Kf4 52. Nd7 Bd1 53.
Nxc5 Bxg4 54. Nb3 Bxh5 55. Nxa5 Bf3 56. c5 h5 57. Nc4 h4 58. Nd2 h3 59. Nf1 Bg2
60. Ke2 Bxf1+ 61. Kxf1 Ke4 62. Kg1 Kd4 0-1

[Event "BL 0607 SF Berlin - Bindl-Aktionär"]
[Site "?"]
[Date "2007.02.03"]
[Round "7.5"]
[White "Prusikin, Michael"]
[Black "Borriss, Martin Dr"]
[Result "1/2-1/2"]
[WhiteElo "2560"]
[BlackElo "2455"]
[PlyCount "66"]
[EventDate "2007.??.??"]

1. d4 d5 2. c4 e6 3. Nc3 Nf6 4. cxd5 exd5 5. Bg5 Be7 6. e3 c6 7. Qc2 Nbd7 8.
Bd3 Nh5 9. Bxe7 Qxe7 10. Nge2 Nb6 11. O-O g6 12. Rfe1 O-O 13. Rad1 Bg4 14. h3
Bxe2 15. Bxe2 Nf6 16. Bf3 Rae8 17. e4 dxe4 18. Nxe4 Nxe4 19. Rxe4 Qf6 20. Rde1
Rxe4 21. Rxe4 Rd8 22. Qc5 Kg7 23. Qa5 Rxd4 24. Rxd4 Qxd4 25. Qxa7 Qxb2 26. Qxb7
Qc1+ 27. Kh2 Qf4+ 28. g3 Qxf3 29. Qxb6 Qa3 30. Qd4+ Kf8 31. Qd8+ Kg7 32. Qd4+
Kf8 33. Qd8+ Kg7 1/2-1/2

[Event "BL 0607 SF Berlin - Bindl-Aktionär"]
[Site "?"]
[Date "2007.02.03"]
[Round "7.6"]
[White "Poldauf, Dirk"]
[Black "Bischoff, Klaus"]
[Result "0-1"]
[WhiteElo "2433"]
[BlackElo "2533"]
[PlyCount "74"]
[EventDate "2007.??.??"]

1. c4 Nf6 2. Nc3 e5 3. Nf3 d6 4. d4 Nbd7 5. g3 Be7 6. Bg2 O-O 7. O-O c6 8. e4
a6 9. h3 b5 10. cxb5 axb5 11. b4 Bb7 12. Be3 Qb8 13. Qb3 h6 14. Nh4 Re8 15. Nf5
Bf8 16. f4 exd4 17. Bxd4 g6 18. Nh4 c5 19. bxc5 Nxc5 20. Bxc5 dxc5 21. e5 Bxg2
22. Kxg2 b4 23. exf6 Ra3 24. Qd5 Rd8 25. Qe4 Rd4 26. Qc6 Rd6 27. Qb5 Qa8+ 28.
Nf3 Rxc3 29. Rae1 Rd2+ 30. Re2 Rcc2 31. Rxd2 Rxd2+ 32. Kg1 Rxa2 33. Rf2 Ra1+
34. Kh2 Qd5 35. g4 Qe4 36. Qb8 c4 37. Rd2 Ra8 0-1

[Event "BL 0607 SF Berlin - Bindl-Aktionär"]
[Site "?"]
[Date "2007.02.03"]
[Round "7.7"]
[White "Stohl, Igor Dr"]
[Black "Kraemer, Martin"]
[Result "1-0"]
[WhiteElo "2551"]
[BlackElo "2435"]
[PlyCount "63"]
[EventDate "2007.??.??"]

1. d4 Nf6 2. c4 e6 3. Nf3 b6 4. g3 Ba6 5. Qb3 Nc6 6. Nbd2 Na5 7. Qc3 c5 8. dxc5
bxc5 9. e4 d6 10. a3 Bb7 11. b4 Nc6 12. Bg2 Be7 13. Bb2 cxb4 14. axb4 O-O 15.
O-O a6 16. Ne1 Qb6 17. Nd3 Rfc8 18. Rfc1 Qd8 19. Rd1 e5 20. Nb3 Qc7 21. Qe1 a5
22. b5 Nb4 23. Nxb4 axb4 24. Rxa8 Rxa8 25. Qxb4 Bxe4 26. Bxe4 Nxe4 27. b6 Qc6
28. Na5 Qe8 29. b7 Rb8 30. Qb5 Qxb5 31. cxb5 Kf8 32. Rc1 1-0

[Event "BL 0607 SF Berlin - Bindl-Aktionär"]
[Site "?"]
[Date "2007.02.03"]
[Round "7.8"]
[White "Schneider, Ilja"]
[Black "Markos, Jan"]
[Result "1/2-1/2"]
[WhiteElo "2368"]
[BlackElo "2538"]
[PlyCount "72"]
[EventDate "2007.??.??"]

1. e4 c5 2. Nf3 Nc6 3. Nc3 Nf6 4. d4 cxd4 5. Nxd4 e5 6. Ndb5 d6 7. Bg5 a6 8.
Na3 b5 9. Bxf6 gxf6 10. Nd5 Bg7 11. c3 f5 12. exf5 Bxf5 13. Nc2 O-O 14. Nce3
Bg6 15. a4 b4 16. cxb4 f5 17. Bc4 Kh8 18. h4 f4 19. h5 Be4 20. h6 Bf6 21. Nxf6
Qxf6 22. Ng4 Qg6 23. f3 Nd4 24. fxe4 Qxe4+ 25. Kf2 f3 26. g3 Qxg4 27. Rh4 Qg5
28. Rxd4 exd4 29. Qxd4+ Rf6 30. Ra3 Qxh6 31. Rxf3 Kg7 32. Kg2 Qg5 33. Bd3 Qd2+
34. Kg1 Qe1+ 35. Kg2 Qd2+ 36. Kg1 Qe1+ 1/2-1/2

[Event "BL 0607 SF Katernberg - SV Mülheim Nord"]
[Site "?"]
[Date "2007.02.02"]
[Round "7.1"]
[White "Tregubov, Pavel V"]
[Black "Volokitin, Andrei"]
[Result "0-1"]
[WhiteElo "2596"]
[BlackElo "2645"]
[PlyCount "104"]
[EventDate "2007.??.??"]

1. d4 Nf6 2. c4 g6 3. Nc3 Bg7 4. e4 d6 5. Nge2 O-O 6. Ng3 e5 7. d5 a5 8. h4 Na6
9. h5 Nc5 10. Bg5 c6 11. h6 Bh8 12. Qf3 Bg4 13. Qxg4 (13. Bxf6 Qc8 $1 (13...
Qb6 14. Qxg4 Qxb2 15. Qf3 Qxa1+ 16. Nd1 Nd7 17. Nh5) 14. Nf5 gxf5) 13... Nxg4
14. Bxd8 Rfxd8 15. Be2 Nf6 16. O-O-O Kf8 17. Kb1 a4 18. f3 Ng8 19. Nf1 (19.
Rdf1 Bf6 20. Bd1 Bg5 21. b4 axb3 22. axb3 Be3) (19. Rh3 Bf6 20. Rdh1 Bg5 21.
Kc2) 19... Bf6 20. Ne3 Bg5 21. Ng4 Nf6 22. Nxf6 Bxf6 23. g3 Ke7 24. Bd3 Bg5 25.
Bc2 Be3 26. Rh2 Ra6 27. Re1 Bd4 28. Ne2 Be3 29. Nc3 Bd4 30. Ne2 Be3 31. Nc3 Bg5
32. Ne2 cxd5 33. f4 exf4 34. gxf4 Bf6 35. exd5 Kf8 36. Nc1 Rb6 37. Bd1 Rb4 38.
Rc2 b5 39. cxb5 Rxb5 40. Be2 Rb4 41. a3 Rxf4 42. Nd3 Nxd3 43. Bxd3 Rb8 44. Rec1
Be5 45. Rc8+ Rxc8 46. Rxc8+ Ke7 47. Bb5 g5 48. Bd3 f5 49. Rb8 g4 50. b4 axb3
51. Rxb3 g3 52. Rb7+ Kf8 0-1

[Event "BL 0607 SF Katernberg - SV Mülheim Nord"]
[Site "?"]
[Date "2007.02.02"]
[Round "7.4"]
[White "Chuchelov, Vladimir"]
[Black "Fridman, Daniel"]
[Result "1/2-1/2"]
[WhiteElo "2539"]
[BlackElo "2604"]
[PlyCount "49"]
[EventDate "2007.??.??"]

1. Nf3 Nf6 2. c4 e6 3. Nc3 d5 4. d4 c6 5. Bg5 h6 6. Bh4 dxc4 7. e4 g5 8. Bg3 b5
9. Be2 Bb7 10. O-O Nbd7 11. Ne5 Bg7 12. Nxd7 Nxd7 13. Bd6 Bf8 14. Bxf8 Rxf8 15.
a4 b4 16. Nb1 a5 17. Qc1 c5 18. d5 Ne5 19. Qe3 Qd6 20. Nd2 exd5 21. exd5 O-O-O
22. Nxc4 Nxc4 23. Bxc4 Rfe8 24. Qd3 Kc7 25. Rae1 1/2-1/2

[Event "BL 0607 SF Katernberg - SV Mülheim Nord"]
[Site "?"]
[Date "2007.02.02"]
[Round "7.5"]
[White "Levin, Felix"]
[Black "Glek, Igor V"]
[Result "1/2-1/2"]
[WhiteElo "2513"]
[BlackElo "2538"]
[PlyCount "28"]
[EventDate "2007.??.??"]

1. d4 e6 2. Nf3 f5 3. g3 Nf6 4. Bg2 d5 5. O-O Bd6 6. c4 c6 7. b3 Qe7 8. Bb2 b6
9. Nbd2 Bb7 10. Ne5 O-O 11. Rc1 a5 12. Qc2 Na6 13. Qb1 Rac8 14. cxd5 cxd5
1/2-1/2

[Event "BL 0607 SF Katernberg - SV Mülheim Nord"]
[Site "?"]
[Date "2007.02.02"]
[Round "7.6"]
[White "Firman, Nazar"]
[Black "Saltaev, Mihail"]
[Result "0-1"]
[WhiteElo "2495"]
[BlackElo "2512"]
[PlyCount "152"]
[EventDate "2007.??.??"]

1. e4 c6 2. d4 d5 3. Nc3 dxe4 4. Nxe4 Bf5 5. Ng3 Bg6 6. N1e2 Nf6 7. Nf4 Nd5 8.
Nxg6 hxg6 9. c4 Nf6 10. Be2 e6 11. O-O Nbd7 12. Bf4 Be7 13. Bf3 O-O 14. Re1 Re8
15. Re3 Nb6 16. Rc1 Qd7 17. Rd3 Rad8 18. Qd2 Bf8 19. Qa5 Nc8 20. Rdd1 Bd6 21.
Be5 Qe7 22. c5 Bxe5 23. dxe5 Rxd1+ 24. Rxd1 Nd7 25. Qc7 Nxc5 26. Qxe7 Nxe7 27.
b4 Na6 28. Rd7 Nxb4 29. Ne4 Kf8 30. Rxb7 a5 31. a4 Ra8 32. Nd6 Nd3 33. Nc4 Nc5
34. Rb1 Nd5 35. g3 Nxa4 36. Ra1 Nab6 37. Rxa5 Rxa5 38. Nxa5 c5 39. Be2 g5 40.
Kf1 Nd7 41. Nb7 Ke7 42. Ke1 Nc3 43. Ba6 Nxe5 44. Kd2 Nd5 45. Nxc5 Nf3+ 46. Ke2
Nxh2 47. Ne4 f6 48. f3 g4 49. fxg4 Nxg4 50. Bb7 Nc7 51. Kf3 Ne5+ 52. Ke2 Nb5
53. Nd2 Nd4+ 54. Kf2 Ng4+ 55. Kg2 f5 56. Kf1 Kf6 57. Kg2 e5 58. Ba8 Ne6 59. Bf3
Nh6 60. Kf2 Ng5 61. Bb7 Ng4+ 62. Ke2 e4 63. Bc6 Ke5 64. Nc4+ Ke6 65. Bb7 g6 66.
Ba8 Nf3 67. Bb7 Nd4+ 68. Kd2 Nb5 69. Bc6 Nd6 70. Nb6 Ne5 71. Bd5+ Kf6 72. Ke2
Kg5 73. Ke3 Kg4 74. Kf2 Kh3 75. Bg8 Ng4+ 76. Ke2 Kxg3 0-1

[Event "BL 0607 SF Katernberg - SV Mülheim Nord"]
[Site "?"]
[Date "2007.02.02"]
[Round "7.7"]
[White "Hausrath, Daniel"]
[Black "Siebrecht, Sebastian"]
[Result "0-1"]
[WhiteElo "2529"]
[BlackElo "2463"]
[PlyCount "124"]
[EventDate "2007.??.??"]

1. Nf3 Nf6 2. g3 b5 3. Bg2 Bb7 4. O-O e6 5. d3 d5 6. a4 a6 7. c3 c5 8. axb5
axb5 9. Rxa8 Bxa8 10. Qb3 c4 11. Qa2 Nc6 12. Qa6 cxd3 13. exd3 b4 14. Bf4 Be7
15. Bc7 Qxc7 16. Qxa8+ Bd8 17. cxb4 Na7 18. Nc3 O-O 19. Ra1 Nc6 20. Qa4 Ne5 21.
Nxe5 Qxe5 22. Qa7 h5 23. Qe3 Qb8 24. b5 Bb6 25. d4 Rc8 26. Ra4 g6 27. Bh3 Kg7
28. Bf1 Re8 29. Qf3 Rd8 30. Kg2 Qb7 31. Bd3 Ng4 32. h3 Nf6 33. Qf4 Bc7 34. Qf3
Bb6 35. Qe2 Re8 36. Qf3 Ra8 37. Qe3 Re8 38. Qf3 Ra8 39. Qd1 Re8 40. Bc2 Rb8 41.
Ra6 h4 42. Na4 Bd8 43. Qd3 hxg3 44. fxg3 Rc8 45. b6 Qb8 46. Qb3 Ne4 47. Nc5
Nxc5 48. dxc5 Qe5 49. Qc3 d4 50. Qf3 Rxc5 51. Ra7 Bf6 52. Bd3 Qe1 53. Qf2 Qb4
54. Ra1 Bg5 55. Rf1 f5 56. Ra1 Be3 57. Ra7+ Kf6 58. Qe2 Rc1 59. Ra6 Re1 60. Qc2
Rg1+ 61. Kf3 Qe1 62. Qh2 Rf1+ 0-1

[Event "BL 0607 SF Katernberg - SV Mülheim Nord"]
[Site "?"]
[Date "2007.02.02"]
[Round "7.8"]
[White "Souleidis, Georgios"]
[Black "Schebler, Gerhard"]
[Result "1/2-1/2"]
[WhiteElo "2407"]
[BlackElo "2535"]
[PlyCount "100"]
[EventDate "2007.??.??"]

1. e4 e6 2. d4 d5 3. Nc3 Nf6 4. e5 Nfd7 5. f4 c5 6. Nf3 Nc6 7. Be3 a6 8. Qd2 b5
9. h4 Bb7 10. h5 b4 11. Nd1 Qb6 12. h6 g6 13. Nf2 cxd4 14. Nxd4 Bc5 15. c3 bxc3
16. bxc3 Nxd4 17. Bxd4 a5 18. Be2 Ba6 19. Bxa6 Qxa6 20. Rb1 O-O 21. Qd3 Qa7 22.
O-O Rfb8 23. Ng4 Qc7 24. Qe3 Be7 25. Rfe1 Qc4 26. f5 Rxb1 27. Rxb1 Qxa2 28. Rb7
Qa4 29. fxe6 Qd1+ 30. Kh2 Qxg4 31. exd7 Bd8 32. Qf3 Qh4+ 33. Kg1 Qe1+ 34. Kh2
Qh4+ 35. Kg1 Qe1+ 36. Qf1 Qd2 37. e6 fxe6 38. Bg7 Qe3+ 39. Kh1 Qc5 40. Qf4 Qe7
41. Bd4 e5 42. Bxe5 a4 43. Bd6 Qf6 44. Qxf6 Bxf6 45. Rc7 Rd8 46. Bb4 Kf7 47.
Ra7 Ke6 48. Ra6+ Kf7 49. Ra7 Ke6 50. Ra6+ Kf7 1/2-1/2

[Event "BL 0607 TV Tegernsee - SC Eppingen"]
[Site "?"]
[Date "2007.02.02"]
[Round "7.1"]
[White "Gyimesi, Zoltan"]
[Black "Bu, Xiangzhi"]
[Result "0-1"]
[WhiteElo "2616"]
[BlackElo "2671"]
[PlyCount "164"]
[EventDate "2007.??.??"]

1. d4 d5 2. c4 c6 3. Nf3 Nf6 4. Nc3 dxc4 5. a4 Bf5 6. Ne5 Nbd7 7. Nxc4 Nb6 8.
Ne5 a5 9. g3 Nfd7 10. Nxd7 Qxd7 11. e4 Bh3 12. Bxh3 Qxh3 13. Qb3 Ra6 14. Be3 e6
15. d5 Bb4 16. dxe6 Qxe6 17. Qxe6+ fxe6 18. Bxb6 Rxb6 19. O-O-O Bc5 20. f4 Ke7
21. Kc2 Rb4 22. b3 e5 23. f5 Rc8 24. Rhe1 Bd4 25. Na2 Rb6 26. Rb1 c5 27. Kd3
Kf6 28. Kc4 Kg5 29. Rbd1 Kg4 30. Rd3 h5 31. Rf1 Rf8 32. Rdf3 Rff6 33. Nc1 g5
34. Nd3 Kh3 35. Rh1 Rfd6 36. Rhf1 g4 37. R3f2 Bxf2 38. Rxf2 Rd4+ 39. Kc3 Rf6
40. Re2 b6 41. Nxe5 h4 42. Re3 Rh6 43. Kc2 Rhd6 44. gxh4+ Kxh4 45. Kc3 Rh6 46.
Re1 Rf6 47. Ng6+ Kg5 48. Ne5 Rf8 49. h4+ Kh5 50. Ng6 Rf6 51. Ne7 Rf7 52. Nc6
Rd6 53. Ne5 Rg7 54. Nd3 Rf6 55. Nf4+ Kxh4 56. Rh1+ Kg5 57. Ne6+ Rxe6 58. fxe6
Re7 59. Kc4 Rxe6 60. Kd5 Rg6 61. e5 g3 62. e6 Kf6 63. Kd6 g2 64. Rg1 Rg3 65. e7
Re3 66. Kc6 Kxe7 67. Kxb6 Rxb3+ 68. Kxc5 Rg3 69. Kb5 Rg5+ 70. Kc4 Kd6 71. Kd4
Rg8 72. Ke3 Kc5 73. Kf2 Kb4 74. Rb1+ Kxa4 75. Kg1 Rg5 76. Rb8 Ka3 77. Rb7 a4
78. Rf7 Rg3 79. Rf8 Kb2 80. Rf2+ Kb3 81. Rf8 a3 82. Rb8+ Kc2 0-1

[Event "BL 0607 TV Tegernsee - SC Eppingen"]
[Site "?"]
[Date "2007.02.02"]
[Round "7.2"]
[White "Alekseev, Evgeny"]
[Black "Balogh, Csaba"]
[Result "1-0"]
[WhiteElo "2639"]
[BlackElo "2616"]
[PlyCount "111"]
[EventDate "2007.??.??"]

1. e4 c5 2. Nf3 d6 3. d4 cxd4 4. Nxd4 Nf6 5. Nc3 Nc6 6. Bg5 e6 7. Qd2 Be7 8.
O-O-O O-O 9. f4 Nxd4 10. Qxd4 Qa5 11. Bc4 Bd7 12. e5 dxe5 13. fxe5 Bc6 14. Bd2
Nd7 15. Nd5 Qc5 16. Nxe7+ Qxe7 17. Rhe1 Nb6 18. Bf1 Rfd8 19. Qf4 Rac8 20. Bb4
Qe8 21. Rxd8 Rxd8 22. c4 Nc8 23. Re3 Ne7 24. Ra3 a6 25. g3 Bh1 26. Rd3 Rc8 27.
Rc3 Ng6 28. Qd4 Qc6 29. h4 h6 30. b3 Bg2 31. Be2 Bh1 32. Kb2 Qg2 33. Re3 Qf2
34. Qd2 Bc6 35. Bd1 Qxd2+ 36. Bxd2 Rd8 37. Kc3 Ne7 38. Rd3 Rc8 39. Kb2 Nf5 40.
Be1 Be4 41. Rd2 Kf8 42. g4 Ne7 43. Rd4 Bh1 44. Bb4 Ke8 45. Bd6 Nc6 46. Rd2 Rd8
47. Kc3 a5 48. Bc2 Bf3 49. g5 hxg5 50. hxg5 Ne7 51. Rh2 Rc8 52. Rh7 Bg4 53.
Rxg7 Nf5 54. Rh7 Nxd6 55. exd6 Rc6 56. d7+ 1-0

[Event "BL 0607 TV Tegernsee - SC Eppingen"]
[Site "?"]
[Date "2007.02.02"]
[Round "7.3"]
[White "Postny, Evgeny"]
[Black "Khenkin, Igor"]
[Result "1/2-1/2"]
[WhiteElo "2609"]
[BlackElo "2620"]
[PlyCount "32"]
[EventDate "2007.??.??"]

1. d4 d5 2. c4 dxc4 3. Nf3 a6 4. e3 b5 5. a4 Bb7 6. b3 e6 7. axb5 axb5 8. Rxa8
Bxa8 9. bxc4 bxc4 10. Bxc4 Nf6 11. Ba3 Bxa3 12. Qa4+ Nbd7 13. Qxa3 c5 14. dxc5
O-O 15. Nbd2 Qc7 16. O-O Qxc5 1/2-1/2

[Event "BL 0607 TV Tegernsee - SC Eppingen"]
[Site "?"]
[Date "2007.02.02"]
[Round "7.4"]
[White "Sokolov, Andrei"]
[Black "Acs, Peter"]
[Result "1/2-1/2"]
[WhiteElo "2580"]
[BlackElo "2522"]
[PlyCount "90"]
[EventDate "2007.??.??"]

1. e4 e5 2. Nf3 Nc6 3. Bb5 a6 4. Ba4 Nf6 5. O-O Be7 6. Re1 b5 7. Bb3 d6 8. c3
O-O 9. h3 Na5 10. Bc2 c5 11. d4 Bb7 12. d5 Bc8 13. Nbd2 g6 14. Nf1 Nh5 15. Bh6
Re8 16. Ng3 Nxg3 17. fxg3 Nc4 18. b3 Nb6 19. Qd2 Bf8 20. Rf1 Ra7 21. g4 f6 22.
Rf2 Bxh6 23. Qxh6 Qe7 24. Nh2 Qg7 25. Qd2 Rf8 26. Nf1 a5 27. Ng3 a4 28. Raf1
axb3 29. axb3 Ra2 30. Qc1 c4 31. Kh2 cxb3 32. Bxb3 Rxf2 33. Rxf2 Nd7 34. Bd1
Nc5 35. Be2 Bd7 36. Qf1 Qh6 37. Bxb5 Bxg4 38. Rxf6 Rxf6 39. Qxf6 Qf4 40. Qxd6
Nxe4 41. Qd8+ Kg7 42. Qe7+ Kg8 43. Qe8+ Kg7 44. Qe7+ Kg8 45. Qe8+ Kg7 1/2-1/2

[Event "BL 0607 TV Tegernsee - SC Eppingen"]
[Site "?"]
[Date "2007.02.02"]
[Round "7.6"]
[White "Rozentalis, Eduardas"]
[Black "Meier, Georg"]
[Result "1/2-1/2"]
[WhiteElo "2591"]
[BlackElo "2484"]
[PlyCount "73"]
[EventDate "2007.??.??"]

1. e4 e6 2. d4 d5 3. Nd2 dxe4 4. Nxe4 Nd7 5. Nf3 Ngf6 6. Bd3 c5 7. O-O Nxe4 8.
Bxe4 Nf6 9. Bg5 cxd4 10. Qe2 Qb6 11. Bxf6 gxf6 12. a4 Bg7 13. a5 Qc5 14. b4 Qc7
15. Nxd4 O-O 16. Nb5 Qe7 17. c3 a6 18. Na3 Qc7 19. Nc4 f5 20. Bf3 Bd7 21. Nb6
Rad8 22. Rad1 Bb5 23. c4 Bc6 24. Bxc6 Qxc6 25. Rxd8 Rxd8 26. Rd1 Rxd1+ 27. Qxd1
Bc3 28. Qd8+ Kg7 29. Qg5+ Kf8 30. Qd8+ Kg7 31. Nd7 Qd6 32. Qg5+ Kh8 33. Qd8+
Kg7 34. h3 Qxb4 35. Qg5+ Kh8 36. Qd8+ Kg7 37. Qg5+ 1/2-1/2

[Event "BL 0607 TV Tegernsee - SC Eppingen"]
[Site "?"]
[Date "2007.02.02"]
[Round "7.7"]
[White "Medvegy, Zoltan"]
[Black "Bromberger, Stefan"]
[Result "1-0"]
[WhiteElo "2518"]
[BlackElo "2505"]
[PlyCount "95"]
[EventDate "2007.??.??"]

1. d4 Nf6 2. c4 g6 3. Nc3 Bg7 4. e4 d6 5. Be2 O-O 6. Nf3 e5 7. O-O Nc6 8. d5
Ne7 9. Bg5 h6 10. Bxf6 Bxf6 11. b4 a5 12. a3 Bg7 13. Nd2 c6 14. Nb3 axb4 15.
axb4 Rxa1 16. Qxa1 f5 17. Qa5 fxe4 18. Nxe4 cxd5 19. cxd5 Bf5 20. f3 b6 21. Qb5
Bd7 22. Qd3 b5 23. Kh1 Qb6 24. Nc3 Rf4 25. Ne4 Rf8 26. Nc3 Nf5 27. Na5 Ne3 28.
Rc1 Nf5 29. Nc6 Bxc6 30. dxc6 Qxc6 31. Qxb5 Qxb5 32. Nxb5 Rb8 33. Rb1 d5 34.
Nc7 e4 35. Nxd5 Nd4 36. Bd1 exf3 37. Bxf3 Nxf3 38. gxf3 Rb5 39. Nc7 Rh5 40. f4
g5 41. Ne8 gxf4 42. Nxg7 Kxg7 43. b5 Rd5 44. b6 Rd8 45. Kg2 Kf6 46. Kf3 Ke5 47.
b7 Rb8 48. h4 1-0

[Event "BL 0607 TV Tegernsee - SC Eppingen"]
[Site "?"]
[Date "2007.02.02"]
[Round "7.8"]
[White "Teske, Henrik"]
[Black "Vogt, Lothar"]
[Result "1-0"]
[WhiteElo "2514"]
[BlackElo "2479"]
[PlyCount "105"]
[EventDate "2007.??.??"]

1. d4 Nf6 2. c4 g6 3. Nc3 Bg7 4. g3 O-O 5. Bg2 d6 6. e4 e5 7. Nge2 Nbd7 8. O-O
exd4 9. Nxd4 Re8 10. h3 a6 11. Bg5 h6 12. Be3 Rb8 13. Rc1 Nc5 14. Qc2 Bd7 15.
Rfe1 Kh7 16. b4 Ne6 17. Nxe6 Bxe6 18. c5 Qd7 19. Kh2 d5 20. Rcd1 c6 21. Bd4 Qc8
22. exd5 Nxd5 23. Bxg7 Kxg7 24. Bxd5 Bxd5 25. Nxd5 cxd5 26. Qc3+ Kg8 27. Rxd5
Rxe1 28. Qxe1 b6 29. Qe7 bxc5 30. Rxc5 Qf8 31. Qxf8+ Kxf8 32. a3 Rb6 33. Kg2
Rf6 34. Kf1 Re6 35. Rc3 f5 36. Rb3 Rc6 37. a4 Ke7 38. Ke2 Rc2+ 39. Ke3 Kd6 40.
b5 axb5 41. axb5 Kc7 42. Ra3 g5 43. Ra6 Rb2 44. Rxh6 Rxb5 45. Rg6 f4+ 46. Kf3
Kd7 47. Kg4 Rb2 48. Kxg5 Rxf2 49. g4 Rh2 50. h4 Ke7 51. h5 f3 52. Rf6 f2 53.
Rf3 1-0

[Event "BL 0607 SC Kreuzberg - Werder Bremen"]
[Site "?"]
[Date "2007.02.03"]
[Round "8.2"]
[White "Sargissian, Gabriel"]
[Black "Efimenko, Zahar"]
[Result "1-0"]
[WhiteElo "2667"]
[BlackElo "2612"]
[PlyCount "87"]
[EventDate "2007.??.??"]

1. d4 Nf6 2. c4 g6 3. Nf3 Bg7 4. g3 O-O 5. Bg2 d6 6. Nc3 c6 7. O-O Qa5 8. h3
Be6 9. Nd2 d5 10. Nb3 Qd8 11. cxd5 cxd5 12. Bg5 Nc6 13. Bxf6 Bxf6 14. e3 Rc8
15. Nc5 Na5 16. b4 b6 17. Nxe6 fxe6 18. Nxd5 exd5 19. bxa5 bxa5 20. Rc1 Qd7 21.
Rxc8 Rxc8 22. Qf3 Rd8 23. Rc1 Qb5 24. Qd1 e6 25. h4 Qb6 26. Qa4 Qb4 27. Qc6 Qd6
28. Qb7 Qb6 29. Qxb6 axb6 30. Rc6 Kf7 31. Rxb6 Be7 32. Ra6 Bb4 33. Ra7+ Kg8 34.
Bh3 Re8 35. Rc7 h5 36. Rc8 Rxc8 37. Bxe6+ Kf8 38. Bxc8 Ke7 39. Bb7 Ke6 40. Bc6
Bd2 41. Ba4 Bc3 42. Kf1 Bd2 43. Ke2 Bb4 44. Bc2 1-0

[Event "BL 0607 SC Kreuzberg - Werder Bremen"]
[Site "?"]
[Date "2007.02.03"]
[Round "8.4"]
[White "Luther, Thomas"]
[Black "Hracek, Zbynek"]
[Result "1/2-1/2"]
[WhiteElo "2594"]
[BlackElo "2614"]
[PlyCount "87"]
[EventDate "2007.??.??"]

1. e4 e5 2. Nf3 Nc6 3. Bb5 a6 4. Ba4 Nf6 5. O-O Bc5 6. c3 b5 7. Bc2 d5 8. d4
dxe4 9. Nxe5 Nxe5 10. dxe5 Qxd1 11. Rxd1 Ng4 12. Bxe4 Nxf2 13. Bc6+ Ke7 14. Rd5
Bb6 15. Bxa8 Nd3+ 16. Kf1 Nxc1 17. Na3 Be6 18. Rxc1 Rxa8 19. Rd3 Bf5 20. Rdd1
Be3 21. Ra1 Bf4 22. g3 Bxe5 23. Rd2 h5 24. Nc2 Bxc2 25. Rxc2 f6 26. a4 Rb8 27.
axb5 axb5 28. Ra6 b4 29. cxb4 Rxb4 30. Rac6 Kd7 31. R6c4 Rb3 32. Rd2+ Ke6 33.
Rcc2 Kf5 34. Kg2 g5 35. Rf2+ Kg6 36. Rf3 Rxb2 37. Rxb2 Bxb2 38. Rb3 Bd4 39. Rb8
g4 40. Kf1 c5 41. Rg8+ Kf5 42. Rh8 Kg6 43. Rg8+ Kf7 44. Rc8 1/2-1/2

[Event "BL 0607 SC Kreuzberg - Werder Bremen"]
[Site "?"]
[Date "2007.02.03"]
[Round "8.5"]
[White "Pelletier, Yannick"]
[Black "Kalinitschew, Sergey"]
[Result "1/2-1/2"]
[WhiteElo "2588"]
[BlackElo "2471"]
[PlyCount "61"]
[EventDate "2007.??.??"]

1. d4 e6 2. c4 Bb4+ 3. Bd2 a5 4. g3 d6 5. Bg2 Nc6 6. Nf3 e5 7. d5 Nb8 8. O-O
Nf6 9. a3 Bc5 10. Bg5 Nbd7 11. Nc3 h6 12. Bxf6 Nxf6 13. b4 Ba7 14. Qc2 O-O 15.
e3 Bd7 16. Nd2 Qe7 17. bxa5 Bb8 18. Rfb1 Bc8 19. Nb3 g6 20. Qd2 Nd7 21. a4 f5
22. f4 Re8 23. Re1 Ba7 24. Kh1 Nc5 25. Nxc5 Bxc5 26. Nb5 e4 27. Qc3 Kh7 28.
Red1 Rg8 29. Rab1 Qg7 30. Qe1 Re8 31. Bh3 1/2-1/2

[Event "BL 0607 SC Kreuzberg - Werder Bremen"]
[Site "?"]
[Date "2007.02.03"]
[Round "8.6"]
[White "Tischbierek, Raj"]
[Black "Babula, Vlastimil"]
[Result "1-0"]
[WhiteElo "2486"]
[BlackElo "2584"]
[PlyCount "87"]
[EventDate "2007.??.??"]

1. e4 c5 2. Nf3 d6 3. d4 cxd4 4. Nxd4 Nf6 5. Nc3 e6 6. Be2 Be7 7. O-O Nc6 8.
Be3 Bd7 9. Nb3 a6 10. a4 Na5 11. Nxa5 Qxa5 12. f4 Bc6 13. Bf3 O-O 14. Qd2 Qc7
15. a5 Rac8 16. Rfe1 Nd7 17. Bf2 Rfd8 18. Ne2 Nc5 19. Nd4 d5 20. Nxc6 bxc6 21.
e5 Rb8 22. b3 Nd7 23. Kh1 Rb4 24. Be2 Qb7 25. Bd1 Qc7 26. c3 Rb7 27. Bc2 g6 28.
Qe2 c5 29. f5 exf5 30. e6 Nf6 31. exf7+ Kxf7 32. Qe6+ Kg7 33. Qxa6 Ne4 34. Bxe4
fxe4 35. b4 Rbb8 36. Qe6 Rd6 37. Qh3 cxb4 38. cxb4 Rxb4 39. a6 Rd8 40. a7 Qb7
41. Qe6 Bf6 42. Ra6 Bc3 43. Rc6 Bxe1 44. Qf6+ 1-0